[Event "Chess Olympiad 2008"]
[Site "Dresden"]
[Date "2008.11.15"]
[Round "3.36"]
[White "Rowson, Jonathan"]
[Black "Velasco, Santiago"]
[Result "1-0"]
[WhiteElo "2596"]
[BlackElo "2287"]
[PlyCount "57"]
[EventDate "2008.??.??"]
[WhiteTeam "Schottland"]
[BlackTeam "Puerto Rico"]
[WhiteTeamCountry "SCO"]
[BlackTeamCountry "PUR"]

1. d4 d5 2. c4 c6 3. Nf3 Nf6 4. e3 e6 5. b3 Nbd7 6. Bb2 Bd6 7. Bd3 O-O 8. O-O
Qe7 9. Ne5 Rd8 10. Qe2 Nf8 11. Nd2 Ne8 12. f4 f6 13. Nef3 f5 14. c5 Bc7 15. b4
Bd7 16. a4 a6 17. Bc3 Nf6 18. Nb3 Ne4 19. Be1 Ng6 20. Kh1 Kh8 21. Rg1 Rf8 22.
Rb1 Qe8 23. Rb2 Rf6 24. Ne5 Rf8 25. g4 Bd8 26. Qg2 Nxe5 27. dxe5 Qf7 28. Nd4
Be7 29. gxf5 1-0

[Event "Chess Olympiad 2008"]
[Site "Dresden"]
[Date "2008.11.15"]
[Round "3.36"]
[White "Arakhamia-Grant, Ketevan"]
[Black "Montalvo, Alejandro"]
[Result "1-0"]
[WhiteElo "2448"]
[BlackElo "2223"]
[PlyCount "100"]
[EventDate "2008.??.??"]
[WhiteTeam "Schottland"]
[BlackTeam "Puerto Rico"]
[WhiteTeamCountry "SCO"]
[BlackTeamCountry "PUR"]

1. e4 c6 2. d4 d5 3. e5 c5 4. dxc5 e6 5. Nf3 Bxc5 6. Bd3 Nc6 7. O-O f6 8. Qe2
fxe5 9. Nxe5 Nf6 10. Nd2 Nxe5 11. Qxe5 O-O 12. Nf3 Bd6 13. Qc3 Ng4 14. Qd4 Rxf3
15. Qxg4 Rf7 16. c3 e5 17. Qg5 Qc7 18. Bc2 Be6 19. h3 Raf8 20. Qh5 e4 21. Be3
Rf5 22. Qe2 Qf7 23. Rfd1 Bb8 24. Bb3 Qc7 25. g3 Rf3 26. Bxd5 Rxg3+ 27. fxg3
Qxg3+ 28. Qg2 Qxe3+ 29. Kh1 Bxd5 30. Rxd5 Rf3 31. Rd8+ Kf7 32. Rf1 Ke7 33. Rxf3
exf3 34. Qd2 Qe5 35. Qd7+ Kf6 36. Rf8+ Kg6 37. Qd3+ Kh6 38. Qd2+ Kh5 39. Rxf3
g5 40. Re3 Qf5 41. Qe2+ Kh4 42. Qg4+ Qxg4 43. hxg4 Kxg4 44. Re7 h5 45. Rxb7 Bf4
46. Rxa7 Kf3 47. Rh7 h4 48. a4 g4 49. Rxh4 g3 50. Rxf4+ Kxf4 1-0

[Event "Chess Olympiad 2008"]
[Site "Dresden"]
[Date "2008.11.22"]
[Round "9.29"]
[White "Rahman, Ziaur"]
[Black "Rowson, Jonathan"]
[Result "0-1"]
[WhiteElo "2510"]
[BlackElo "2596"]
[PlyCount "81"]
[EventDate "2008.??.??"]
[WhiteTeam "Bangladesch"]
[BlackTeam "Schottland"]
[WhiteTeamCountry "BAN"]
[BlackTeamCountry "SCO"]

1. e4 c5 2. Nc3 Nc6 3. g3 g6 4. Bg2 Bg7 5. d3 d6 6. Nge2 Nf6 7. h3 O-O 8. O-O
Rb8 9. f4 Nd7 10. g4 b5 11. Ng3 c4 12. Kh2 b4 13. Nce2 Qb6 14. d4 c3 15. bxc3
bxc3 16. Be3 e5 17. d5 Qxe3 18. dxc6 Nb6 19. Rf3 Qc5 20. Rxc3 Nc4 21. f5 Ba6
22. Ng1 Qxc6 23. g5 Rfd8 24. f6 Bf8 25. h4 d5 26. exd5 Qa4 27. Qg4 Rb4 28. Ne4
Nd2 29. Re1 Rxd5 30. a3 Rxe4 31. Bxe4 Rd4 32. Nf3 Nxe4 33. Nxd4 Nxc3 34. Rxe5
Bd6 35. Qg3 Ne4 36. Rxe4 Bxg3+ 37. Kxg3 h6 38. c3 hxg5 39. hxg5 Qxa3 40. Re3
Qd6+ 41. Kf2 0-1

[Event "Chess Olympiad 2008"]
[Site "Dresden"]
[Date "2008.11.22"]
[Round "9.29"]
[White "Aagaard, Jacob"]
[Black "Hossain, Enamul"]
[Result "1-0"]
[WhiteElo "2528"]
[BlackElo "2494"]
[PlyCount "61"]
[EventDate "2008.??.??"]
[WhiteTeam "Schottland"]
[BlackTeam "Bangladesch"]
[WhiteTeamCountry "SCO"]
[BlackTeamCountry "BAN"]

1. e4 c5 2. Nf3 Nc6 3. d4 cxd4 4. Nxd4 Nf6 5. Nc3 e5 6. Ndb5 d6 7. Nd5 Nxd5 8.
exd5 Nb8 9. a4 Be7 10. Be2 O-O 11. O-O Nd7 12. Be3 a6 13. Na3 Bg5 14. Bxg5 Qxg5
15. Nc4 Qe7 16. a5 Rb8 17. b4 Nf6 18. Nb6 Nd7 19. c4 Nxb6 20. axb6 Bd7 21. Qd2
f5 22. Rac1 Rfc8 23. c5 Kh8 24. Rfd1 Ba4 25. Re1 Qf8 26. Qa2 Bb5 27. Bxb5 axb5
28. Qa7 Re8 29. c6 Ra8 30. Qxb7 Reb8 31. Qc7 1-0

[Event "Chess Olympiad 2008"]
[Site "Dresden"]
[Date "2008.11.22"]
[Round "9.29"]
[White "Abdulla, Al-Rakib"]
[Black "Shaw, John"]
[Result "1-0"]
[WhiteElo "2522"]
[BlackElo "2469"]
[PlyCount "77"]
[EventDate "2008.??.??"]
[WhiteTeam "Bangladesch"]
[BlackTeam "Schottland"]
[WhiteTeamCountry "BAN"]
[BlackTeamCountry "SCO"]

1. d4 d5 2. e3 Bf5 3. c4 c6 4. Qb3 Qb6 5. cxd5 Bxb1 6. Qxb6 axb6 7. Rxb1 cxd5
8. Bb5+ Nc6 9. Nf3 e6 10. Ne5 Nge7 11. a3 f6 12. Nd3 Nc8 13. Nf4 Kd7 14. Bd2
Nd6 15. Bd3 b5 16. O-O g6 17. Rfd1 Nc4 18. Be1 Bd6 19. Ne2 f5 20. Nc3 b4 21.
Nb5 Ra5 22. a4 Be7 23. b3 Nd6 24. f3 Rc8 25. Rb2 Nxb5 26. Bxb5 Kd8 27. Rc2 Raa8
28. e4 Na5 29. Re2 Nxb3 30. exd5 exd5 31. Re5 Rc6 32. Rd3 Na5 33. Rde3 Rc7 34.
Rxe7 Rxe7 35. Bh4 Nc6 36. Bxc6 bxc6 37. Bxe7+ Kc8 38. Bxb4 Rxa4 39. Bc5 1-0

[Event "Chess Olympiad 2008"]
[Site "Dresden"]
[Date "2008.11.22"]
[Round "9.29"]
[White "Arakhamia-Grant, Ketevan"]
[Black "Abu Sufian, Shakil"]
[Result "1-0"]
[WhiteElo "2448"]
[BlackElo "2418"]
[PlyCount "125"]
[EventDate "2008.??.??"]
[WhiteTeam "Schottland"]
[BlackTeam "Bangladesch"]
[WhiteTeamCountry "SCO"]
[BlackTeamCountry "BAN"]

1. e4 c5 2. Nf3 Nc6 3. d4 cxd4 4. Nxd4 g6 5. c4 Nf6 6. Nc3 d6 7. Be2 Nxd4 8.
Qxd4 Bg7 9. Be3 O-O 10. Qd2 Be6 11. f3 Nd7 12. O-O Nc5 13. Rfd1 a5 14. b3 Qb6
15. Rab1 Qb4 16. Bd4 Bxd4+ 17. Qxd4 Qb6 18. Kh1 Nd7 19. Qd2 Qc5 20. f4 f6 21.
Nb5 Nb6 22. Nd4 Bd7 23. Rbc1 Rfd8 24. Bf3 Kh8 25. Ne2 Be6 26. Qb2 a4 27. e5
dxe5 28. fxe5 fxe5 29. Bxb7 Rxd1+ 30. Rxd1 Rb8 31. Bf3 axb3 32. axb3 Qe3 33.
Qc3 Qxc3 34. Nxc3 Nd7 35. Nb5 Nc5 36. b4 Na6 37. Bd5 Bd7 38. Bf3 Be6 39. Bd5
Bd7 40. Be4 Bxb5 41. cxb5 Rxb5 42. Bd3 Rd5 43. b5 Nc5 44. Be2 Rxd1+ 45. Bxd1
Nd7 46. Kg1 Kg7 47. Kf2 Kf6 48. Ke3 Nb6 49. Bb3 e6 50. Ke4 Nd7 51. Bc2 Ke7 52.
h4 Kd6 53. g4 Nf6+ 54. Kf3 Kc5 55. g5 Nd7 56. Bd3 Kd4 57. Be4 Nc5 58. b6 Nd7
59. b7 Kc5 60. Bxg6 hxg6 61. h5 gxh5 62. g6 e4+ 63. Ke3 1-0

[Event "Chess Olympiad 2008"]
[Site "Dresden"]
[Date "2008.11.23"]
[Round "10.15"]
[White "Arakhamia-Grant, Ketevan"]
[Black "Johannessen, Leif Erlend"]
[Result "1/2-1/2"]
[WhiteElo "2448"]
[BlackElo "2545"]
[PlyCount "170"]
[EventDate "2008.??.??"]
[WhiteTeam "Schottland"]
[BlackTeam "Norwegen"]
[WhiteTeamCountry "SCO"]
[BlackTeamCountry "NOR"]

1. e4 e5 2. Nf3 Nc6 3. Bb5 a6 4. Ba4 Nf6 5. O-O Be7 6. Re1 b5 7. Bb3 d6 8. c3
O-O 9. h3 Na5 10. Bc2 c5 11. d3 Nc6 12. Nbd2 Re8 13. a4 Bb7 14. Nf1 g6 15. Ng3
Bf8 16. Be3 h6 17. Bb3 Na5 18. axb5 axb5 19. Ba2 c4 20. dxc4 bxc4 21. Nd2 Qc7
22. Qe2 Rac8 23. Bb1 d5 24. h4 Rcd8 25. Qf3 Bg7 26. h5 d4 27. cxd4 exd4 28. Bf4
Qb6 29. hxg6 fxg6 30. Ra4 c3 31. bxc3 dxc3 32. Qxc3 Qxf2+ 33. Kxf2 Ng4+ 34. Kf3
Nh2+ 35. Ke2 Bxc3 36. Bd3 Bc6 37. Ra2 Bd5 38. Ra3 Bxd2 39. Bxd2 Nc4 40. Ra6
Nxd2 41. Kxd2 Bc4 42. Ra3 Ng4 43. Kc2 Bf7 44. Be2 Rc8+ 45. Kd2 Ne5 46. Ra7
Red8+ 47. Ke3 Rc3+ 48. Kf2 Rd2 49. Nf1 Rb2 50. Kg1 Rcc2 51. Re7 Nc6 52. Rc7
Rxe2 53. Rxe2 Rxe2 54. Rxc6 Rxe4 55. Nd2 Re2 56. Nf3 Kg7 57. Rd6 Re4 58. Kf2
Kf8 59. Rd8+ Be8 60. Rd4 Re6 61. Rf4+ Kg7 62. Rb4 g5 63. Rb7+ Kf6 64. Kg3 Rd6
65. Rh7 h5 66. Rh6+ Bg6 67. Rh8 Rd3 68. Kf2 Ra3 69. Rf8+ Kg7 70. Rd8 g4 71. Nh4
g3+ 72. Ke2 Be4 73. Rd4 Ba8 74. Rd6 Kf7 75. Rh6 Ra5 76. Ke3 Rg5 77. Nf3 Bxf3
78. Kxf3 Kg7 79. Ra6 h4 80. Kf4 Rb5 81. Kg4 Rb4+ 82. Kg5 Rc4 83. Ra7+ Kg8 84.
Ra8+ Kf7 85. Rh8 Rc2 1/2-1/2